000 00419nam a22001337a 4500
005 20251108175428.0
008 250721s2001 xx 000 0 ara d
082 1 4 _a658.5/حمو
100 1 _aحمود, خضير كاظم
245 1 0 _aادارة الانتاج والعمليات /
264 1 _aعمان - الاردن :
_bدار صفاء للنشر والتوزيع،
_c2001.
942 _2ddc
_cBK
999 _c133872
_d133872